Ekonomická analýza podniku /

Hlavní autor: Macek, Jan, 1931-
Korporativní autor: Západočeská univerzita. Ekonomická fakulta
Další autoři: Kopek, Rudolf, 1935-, Singerová, Jitka
Jazyk: Čeština
Vydáno: V Plzni : Západočeská univerzita v Plzni, 2006
Vydání: 1. vyd.
Témata:
Externí odkaz: Digitalizovaný dokument
Fyzický popis: 157 s. : il. ; 22 cm
Knihy
Uloženo v:
LEADER 01895nam a2200481 a 4500
001 nkc20061688054
003 CZ PrNK
005 20061122100143.0
007 ta
008 060904s2006 xr a e p 000 0 cze
015 |a cnb001688054 
020 |a 80-7043-446-5  |q (brož.) :  |c Kč 124,00 
035 |a (OCoLC)85706253 
040 |a OLA001  |b cze  |d ABA001 
072 7 |a 658  |x Řízení a správa podniku  |2 Konspekt  |9 4 
072 7 |a 37.016  |x Učební osnovy. Vyučovací předměty. Učebnice  |2 Konspekt  |9 22 
080 |a 657.41/.45  |2 MRF 
080 |a 658  |2 MRF 
080 |a (075.8)  |2 MRF 
100 1 |a Macek, Jan,  |d 1931-  |7 ola2002142266  |4 aut 
245 1 0 |a Ekonomická analýza podniku /  |c Jan Macek, Rudolf Kopek, Jitka Králová 
250 |a 1. vyd. 
260 |a V Plzni :  |b Západočeská univerzita v Plzni,  |c 2006 
300 |a 157 s. :  |b il. ;  |c 22 cm 
500 |a Na obálce pod názvem: Západočeská univerzita v Plzni, Fakulta ekonomická 
500 |a 100 výt. 
504 |a Obsahuje bibliografii 
521 8 |a Určeno pro studenty kombinovaného studia FEK 
650 0 7 |a finanční analýza  |7 ph120235  |2 czenas 
650 0 7 |a podniková ekonomika  |7 ph115762  |2 czenas 
650 0 9 |a financial analysis  |2 eczenas 
650 0 9 |a managerial economics  |2 eczenas 
655 7 |a učebnice vysokých škol  |7 fd133772  |2 czenas 
655 9 |a textbooks (higher)  |2 eczenas 
700 1 |a Kopek, Rudolf,  |d 1935-  |7 jn20001005600  |4 aut 
700 1 |a Singerová, Jitka  |7 pna2006352750  |4 aut 
710 2 |a Západočeská univerzita.  |b Ekonomická fakulta  |7 kn20010709434 
856 4 1 |u http://www.digitalniknihovna.cz/mzk/uuid/uuid:fe0f34d0-9359-11e5-ac67-005056827e51  |y Digitalizovaný dokument  |x NDK 
910 2 |a BOA001  |b 2-1174.610 
990 |a BK 
995 |a 01 
991 |b 200610  |c NOV 
996 6 |b 2610290520  |c 2-1174.610  |l MZK  |r Sklad / do 1 hodiny  |n 36  |p p.v.  |w 000826397  |u 000010  |a 1  |e BOA001  |j MZK50  |s P